| 000 | 00459nam a22001817a 4500 | ||
|---|---|---|---|
| 003 | LK-CoMWRAF | ||
| 005 | 20230908095754.0 | ||
| 008 | 230908b2005 |||||||| |||| 00| 0 eng d | ||
| 020 | _a9558328022 | ||
| 040 |
_aLK-CoMWRAF _dLK-CoMWRAF _eLK-CoMWRAF |
||
| 041 | _aeng | ||
| 082 |
_a170 _bSAM |
||
| 100 | _aSamarasinghe, Diyanath | ||
| 245 | _aResponsibility matters | ||
| 260 |
_aWattala : _bNest kare house, _c2005 |
||
| 650 | _aResponsibility | ||
| 942 | _cBK | ||
| 999 |
_c3474 _d3474 |
||